000 00924nam0a2200265 4500
001 RU\NLR\bibl\1069926
005 20260406042432.0
010 _a5-7797-0482-1
_97000
021 _aRU
_b2007-6127
_9325
035 _a(NLR Aleph) 001057159
090 _a915477
_c915477
100 _a20070406d2006 |||y0rusy50 ca
101 1 _arus
102 _aRU
105 _a|||||||||||||
200 1 _aСамые красивые рыбы
_eразвивающая книжка-раскраска
_f[авт.-сост. Т. И. Тарабарина]
210 _aЯрославль
_cАкад. развития
_dпеч. 2006
215 _a16 с.
_cил.
_d27
225 1 _aЯ рисую, я творю
702 1 _4220
_8rus
_7ca
_aТарабарина
_bТ. И.
_gТатьяна Ивановна
_3RU\NLR\AUTH\772663
_9112673
801 0 _aRU
_bNLR
_c20070406
_gRCR
801 1 _aRU
_bNLR
_c20070406
942 _cBOOK
980 _aNB